|
|
|
|
| LEADER |
00000cam a2200000 7i4500 |
| 001 |
0000003396 |
| 002 |
000003663 |
| 005 |
20000330.0 |
| 020 |
|
|
|a 0721441033
|
| 090 |
0 |
0 |
|a JF
|b WIN
|
| 245 |
0 |
0 |
|a Winnie the pooh and the blustery day
|
| 260 |
|
|
|a Loughhorough :
|b Ladybird books ,
|c 1992
|
| 300 |
|
|
|a 46p. :
|b ill. ;
|c 18cm.
|
| 490 |
0 |
|
|a Disney
|
| 650 |
0 |
0 |
|a Children's stories
|
| 999 |
|
|
|a 031628
|b BUKU
|c PINJAMAN
|e PERPUSTAKAAN KOMUNITI PETALING JAYA
|
| 999 |
|
|
|a 055818
|b BUKU
|c PINJAMAN
|e PERPUSTAKAAN KOMUNITI CAW KOTA DAMANSARA
|
| 999 |
|
|
|a 057736
|b BUKU
|c PINJAMAN
|e PERPUSTAKAAN KOMUNITI PETALING JAYA
|